[Event "Charlotte Spring IMB 2024"]
[Site "Charlotte"]
[Date "2024.03.30"]
[Round "6"]
[White "Castillo Coca, Mairebys"]
[Black "Becerra Rivero, Julio"]
[Result "0-1"]
[WhiteElo "2043"]
[BlackElo "2411"]
[PlyCount "64"]
[EventDate "2024.03.27"]
[EventType "tourn"]
[EventRounds "9"]
[EventCountry "USA"]
[SourceTitle "CB14_2024"]
[SourceDate "2024.04.01"]
[SourceVersion "1"]
[SourceVersionDate "2024.04.01"]
[SourceQuality "1"]

1. d4 Nf6 2. Nc3 d5 3. Bf4 c5 4. e3 cxd4 5. exd4 Bg4 6. f3 Bd7 7. Qd2 e6 8. Nb5 Bxb5 9. Bxb5+ Nc6 10. c3 Be7 11. Ne2 0-0 12. Bd3 Nd7 13. Bc2 Re8 14. Qd3 Nf8 15. h4 Rc8 16. h5 a6 17. a4 Na5 18. b3 Nc6 19. Kf2 e5 20. dxe5 Bc5+ 21. Kg3 Nxe5 22. Qf5 Rc6 23. Bg5 Qd6 24. Bf4 Qd8 25. Bg5 Be7 26. Bf4 Rf6 27. Qh3 Bd6 28. Kf2 Qb6+ 29. Kf1 Nc4 30. bxc4 Bxf4 31. Bd3 Re3 32. Rd1 Rxd3 0-1

[Event "Sunnyvale Summer op"]
[Site "Sunnyvale"]
[Date "2023.07.03"]
[Round "5"]
[White "Fong, Kevin"]
[Black "Castillo Coca, Mairebys"]
[Result "1/2-1/2"]
[WhiteElo "1898"]
[BlackElo "2110"]
[PlyCount "125"]
[EventDate "2023.07.01"]
[EventType "swiss"]
[EventRounds "7"]
[EventCountry "USA"]
[SourceTitle "EXT 2024"]
[Source "ChessBase"]
[SourceDate "2023.10.10"]
[SourceVersion "1"]
[SourceVersionDate "2023.10.10"]
[SourceQuality "1"]

1. e4 d6 2. d4 Nf6 3. Nc3 g6 4. f4 Bg7 5. Nf3 0-0 6. Bd3 Na6 7. 0-0 Bg4 8. h3 Bxf3 9. Rxf3 c5 10. d5 Nc7 11. a4 Na6 12. Bc4 Nd7 13. a5 Rb8 14. Nb5 Ra8 15. c3 Nc7 16. Qe2 a6 17. Nxc7 Qxc7 18. Bd2 Rfb8 19. Be1 b5 20. axb6 Rxb6 21. Rxa6 Rbxa6 22. Bxa6 Qb6 23. Bc4 Ra1 24. Kh2 Rb1 25. b4 Qa7 26. Rf1 Qa1 27. bxc5 Nxc5 28. e5 Rb2 29. Qe3 Qa4 30. Be2 dxe5 31. Bf3 Qxf4+ 32. Qxf4 exf4 33. Rf2 Bxc3 34. Rxb2 Bxb2 35. Bd2 Be5 36. Kg1 Kg7 37. Kf1 f5 38. Bb4 Bd4 39. Ke2 Kf6 40. Ba5 e5 41. dxe6 Kxe6 42. Bc7 Be5 43. Bb6 Nd7 44. Bf2 g5 45. Kd3 Nf6 46. Bd1 Ne4 47. Bb6 Kf6 48. Bh5 Ng3 49. Bd8+ Ke6 50. Bd1 h6 51. Bb6 h5 52. Bb3+ Kf6 53. Bd8+ Kg6 54. Ba4 Ne4 55. Be8+ Kh6 56. Bc6 f3 57. gxf3 Nf2+ 58. Kc4 Nxh3 59. Kd5 Bb8 60. Ke6 g4 61. Kxf5 g3 62. f4 Nxf4 63. Bg5+ 1/2-1/2

[Event "Sunnyvale Summer op"]
[Site "Sunnyvale"]
[Date "2023.07.02"]
[Round "4"]
[White "Castillo Coca, Mairebys"]
[Black "Mieles Palau, Daniel Alberto"]
[Result "1/2-1/2"]
[WhiteElo "2110"]
[BlackElo "2369"]
[PlyCount "30"]
[EventDate "2023.07.01"]
[EventType "swiss"]
[EventRounds "7"]
[EventCountry "USA"]
[SourceTitle "EXT 2024"]
[Source "ChessBase"]
[SourceDate "2023.10.10"]
[SourceVersion "1"]
[SourceVersionDate "2023.10.10"]
[SourceQuality "1"]

1. e4 d5 2. exd5 Qxd5 3. Nc3 Qa5 4. Nf3 Nf6 5. d4 Bg4 6. Be2 e6 7. h3 Bh5 8. 0-0 Bb4 9. Bd2 c6 10. a3 Bxc3 11. Bxc3 Qc7 12. Bd2 Nbd7 13. c4 0-0 14. b4 Bxf3 15. Bxf3 e5 1/2-1/2

[Event "Sunnyvale Summer op"]
[Site "Sunnyvale"]
[Date "2023.07.02"]
[Round "3"]
[White "Handigol, Abhishek"]
[Black "Castillo Coca, Mairebys"]
[Result "0-1"]
[WhiteElo "1872"]
[BlackElo "2110"]
[PlyCount "73"]
[EventDate "2023.07.01"]
[EventType "swiss"]
[EventRounds "7"]
[EventCountry "USA"]
[SourceTitle "EXT 2024"]
[Source "ChessBase"]
[SourceDate "2023.10.10"]
[SourceVersion "1"]
[SourceVersionDate "2023.10.10"]
[SourceQuality "1"]

1. d4 Nf6 2. Bf4 d6 3. e3 g6 4. h3 Bg7 5. Nf3 0-0 6. Be2 c5 7. 0-0 Qb6 8. Nbd2 Nbd7 9. a4 cxd4 10. Nc4 Qc7 11. exd4 Nd5 12. Bh2 N7f6 13. c3 Be6 14. Ng5 Bd7 15. Nd2 Qb6 16. Nc4 Qc6 17. Nd2 Bf5 18. Qb3 h6 19. Ngf3 g5 20. Rfe1 a6 21. Bf1 Rfe8 22. Rac1 Rab8 23. c4 Nf4 24. c5 Qd7 25. Bc4 e6 26. Bf1 dxc5 27. Rxc5 b6 28. Rcc1 b5 29. axb5 axb5 30. Rc5 b4 31. Nc4 Ne4 32. Ra5 Bxd4 33. Nxd4 Qxd4 34. Qe3 Red8 35. Bxf4 gxf4 36. Qxf4 Nd2 37. Nxd2 0-1

[Event "Mexico City Fenamac-B 3rd"]
[Site "Mexico City"]
[Date "2021.07.25"]
[Round "8"]
[White "Galaviz Medina, Sion Radamantys"]
[Black "Castillo Coca, Mairebys"]
[Result "1/2-1/2"]
[WhiteElo "2342"]
[BlackElo "2119"]
[PlyCount "124"]
[EventDate "2021.07.21"]
[EventType "tourn"]
[EventRounds "9"]
[EventCountry "MEX"]
[EventCategory "2"]
[SourceTitle "CBM 203 Extra"]
[Source "ChessBase"]
[SourceDate "2021.09.30"]
[SourceVersion "1"]
[SourceVersionDate "2021.09.30"]
[SourceQuality "1"]

1. d4 d6 2. c4 g6 3. Nc3 Bg7 4. e4 Nd7 5. Bg5 h6 6. Be3 e5 7. d5 Ne7 8. g4 h5 9. gxh5 Rxh5 10. Nge2 Bh6 11. Ng3 Rh4 12. Bxh6 Rxh6 13. Qd2 Ng8 14. 0-0-0 Qh4 15. Kb1 Qf4 16. Qc2 a6 17. Bg2 Ngf6 18. h4 Rxh4 19. Nce2 Qh6 20. Rxh4 Qxh4 21. Rh1 Qg5 22. Rh8+ Nf8 23. c5 N6h7 24. Qa4+ Ke7 25. Qa5 b6 26. cxd6+ cxd6 27. Qxb6 Bd7 28. Bh3 Bxh3 29. Qb7+ Kf6 30. Qxa8 Kg7 31. Rxh7+ Nxh7 32. Qxa6 Qf6 33. Qb6 Ng5 34. a4 Bg2 35. Nc3 Nf3 36. Qe3 Qd8 37. Nb5 Qd7 38. b3 f5 39. exf5 gxf5 40. Nxd6 f4 41. Nh5+ Kg6 42. Nxf4+ exf4 43. Qxf4 Ng5 44. Qe5 Qh3 45. Qe8+ Kg7 46. Qe7+ Kg6 47. Qe8+ Kg7 48. Qe5+ Kg6 49. Kb2 Qf3 50. Qe8+ Kg7 51. Qe7+ Kg6 52. Qe8+ Kg7 53. Qe5+ Kg6 54. Qe8+ Kg7 55. Qe7+ Kg6 56. Ne8 Qxf2+ 57. Ka3 Qd4 58. Qd6+ Kf7 59. Qd7+ Kg6 60. Qc6+ Kf5 61. Nc7 Be4 62. Qc1 Nf3 1/2-1/2

[Event "Mexico City Fenamac-B 3rd"]
[Site "Mexico City"]
[Date "2021.07.23"]
[Round "5"]
[White "Castillo Coca, Mairebys"]
[Black "Figueredo Losada, Leonel"]
[Result "0-1"]
[WhiteElo "2119"]
[BlackElo "2346"]
[PlyCount "34"]
[EventDate "2021.07.21"]
[EventType "tourn"]
[EventRounds "9"]
[EventCountry "MEX"]
[EventCategory "2"]
[SourceTitle "CBM 203 Extra"]
[Source "ChessBase"]
[SourceDate "2021.09.30"]
[SourceVersion "1"]
[SourceVersionDate "2021.09.30"]
[SourceQuality "1"]

1. e4 c6 2. Nc3 d5 3. Nf3 Bg4 4. h3 Bxf3 5. gxf3 d4 6. Ne2 g6 7. h4 h5 8. d3 c5 9. f4 Nc6 10. Ng3 Qc7 11. Bh3 Bh6 12. f5 Qe5 13. Bg5 Bxg5 14. hxg5 gxf5 15. Bxf5 e6 16. Nxh5 exf5 17. Nf6+ Qxf6 0-1

[Event "Mexico City Fenamac-B 3rd"]
[Site "Mexico City"]
[Date "2021.07.22"]
[Round "2"]
[White "Hernandez Jimenez, Alexander Andres"]
[Black "Castillo Coca, Mairebys"]
[Result "1/2-1/2"]
[WhiteElo "2145"]
[BlackElo "2119"]
[PlyCount "62"]
[EventDate "2021.07.21"]
[EventType "tourn"]
[EventRounds "9"]
[EventCountry "MEX"]
[EventCategory "2"]
[SourceTitle "CBM 203 Extra"]
[Source "ChessBase"]
[SourceDate "2021.09.30"]
[SourceVersion "1"]
[SourceVersionDate "2021.09.30"]
[SourceQuality "1"]

1. e4 d6 2. d4 Nf6 3. Nc3 g6 4. Nf3 Bg7 5. Be2 0-0 6. 0-0 c5 7. Re1 cxd4 8. Nxd4 Nc6 9. Nb3 Bd7 10. Bf1 Rc8 11. Nd5 a5 12. a4 Ne5 13. Bd2 b6 14. Bc3 Bc6 15. Ba6 Ra8 16. Bb5 Bb7 17. Nxf6+ exf6 18. f4 Nc6 19. Nd4 Qc7 20. Nxc6 Bxc6 21. Bxc6 Qxc6 22. Qd4 Rfd8 23. Rad1 Ra7 24. Rd3 Rad7 25. Kf1 d5 26. e5 f5 27. b3 Qe6 28. Qe3 Rc8 29. Red1 Bf8 30. Bd4 Rc6 31. c3 Rdc7 1/2-1/2

[Event "Mexico City Fenamac-B 3rd"]
[Site "Mexico City"]
[Date "2021.07.21"]
[Round "1"]
[White "Castillo Coca, Mairebys"]
[Black "Luna Javier, Edgar Froylan"]
[Result "1/2-1/2"]
[WhiteElo "2119"]
[BlackElo "2168"]
[PlyCount "215"]
[EventDate "2021.07.21"]
[EventType "tourn"]
[EventRounds "9"]
[EventCountry "MEX"]
[EventCategory "2"]
[SourceTitle "CBM 203 Extra"]
[Source "ChessBase"]
[SourceDate "2021.09.30"]
[SourceVersion "1"]
[SourceVersionDate "2021.09.30"]
[SourceQuality "1"]

1. c4 Nf6 2. Nc3 g6 3. g3 Bg7 4. Bg2 0-0 5. d3 c6 6. Nf3 d5 7. cxd5 cxd5 8. 0-0 d4 9. Nb5 Nc6 10. Bg5 Qb6 11. Qa4 Bd7 12. Nbxd4 Nd5 13. Nxc6 Bxc6 14. Qh4 Qxb2 15. e4 Nc3 16. Bxe7 Rfe8 17. Kh1 h6 18. e5 Qe2 19. Rae1 Qxd3 20. Re3 Qd7 21. Bf6 Nd5 22. Bxg7 Kxg7 23. Ree1 Qe7 24. Qd4 Nc7 25. Rd1 Ne6 26. Qb2 Rad8 27. Rd6 Rxd6 28. exd6+ Qf6 29. Qa3 Rd8 30. Rd1 g5 31. Qe3 Nf8 32. Qd3 Kg8 33. h3 Ne6 34. Nh2 h5 35. Qe3 Qf5 36. g4 Bxg2+ 37. Kxg2 Nf4+ 38. Kg1 Qc2 39. Re1 Qc6 40. Nf3 Nxh3+ 41. Kh2 hxg4 42. Nxg5 Qxd6+ 43. Kg2 Nf4+ 44. Kg1 Ng6 45. Ne4 Qf4 46. Qxf4 Nxf4 47. Nf6+ Kg7 48. Nxg4 Ne6 49. Rb1 b6 50. Rb3 Rd5 51. Ne3 Ra5 52. Rb2 Kf6 53. Kf1 Nf4 54. Rd2 Rc5 55. f3 b5 56. Rd6+ Ne6 57. Ra6 Ke5 58. Rxa7 Kf4 59. Kf2 Ng5 60. Ng2+ Kf5 61. Ne3+ Kf4 62. Ng2+ Kf5 63. Ne1 Rd5 64. Ke3 Re5+ 65. Kd2 Rd5+ 66. Ke2 Re5+ 67. Kf1 Rd5 68. Ke2 Kf4 69. Nd3+ Kf5 70. f4 Ne4 71. Rxf7+ Ke6 72. Ra7 Kf5 73. Ke3 Nf6 74. Nf2 b4 75. Ra6 Rd8 76. Ra5+ Rd5 77. Ra6 Rd8 78. Ra5+ Rd5 79. Ra7 Rd8 80. Rf7 Ra8 81. Ne4 Ra3+ 82. Kd4 Kxf4 83. Rxf6+ Kg4 84. Rf2 b3 85. Rg2+ Kf4 86. Rf2+ Kg4 87. axb3 Rxb3 88. Nd2 Rb4+ 89. Ke3 Kg5 90. Ne4+ Kg6 91. Rf6+ Kg7 92. Rc6 Ra4 93. Kf4 Ra5 94. Nc5 Ra1 95. Ne6+ Kf7 96. Kf5 Ke7 97. Nd4 Ra5+ 98. Kg6 Kd7 99. Rf6 Kc7 100. Kf7 Re5 101. Rc6+ Kd7 102. Rc4 Re1 103. Nf5 Rd1 104. Kf6 Rd2 105. Ng3 Rd6+ 106. Kf5 Rd5+ 107. Ke4 Ra5 108. Rd4+ 1/2-1/2

[Event "Chihuahua Bionext op"]
[Site "Chihuahua City"]
[Date "2019.12.01"]
[Round "6"]
[White "Rascon Vega, Alfonso Carlos"]
[Black "Castillo Coca, Mairebys"]
[Result "1-0"]
[WhiteElo "2077"]
[BlackElo "2134"]
[PlyCount "111"]
[EventDate "2019.11.28"]
[EventType "swiss"]
[EventRounds "7"]
[EventCountry "MEX"]
[SourceTitle "CBM 193 Extra"]
[Source "ChessBase"]
[SourceDate "2020.01.31"]
[SourceVersion "1"]
[SourceVersionDate "2020.01.31"]
[SourceQuality "1"]

1. e4 d6 2. d4 Nf6 3. Nc3 g6 4. f4 Bg7 5. Nf3 c5 6. dxc5 Qa5 7. Bd3 Qxc5 8. Qe2 Nc6 9. Be3 Qb4 10. 0-0 0-0 11. Rab1 Ng4 12. Nd5 Qa5 13. b4 Qd8 14. Bd2 e6 15. Ne3 Nxe3 16. Bxe3 d5 17. e5 a5 18. b5 Nb4 19. Bd4 Bd7 20. a4 Qe7 21. Qe3 Nxd3 22. cxd3 Rfc8 23. Rf2 Bf8 24. g4 Rc7 25. h4 Rac8 26. h5 Qa3 27. Rbf1 Rc2 28. hxg6 fxg6 29. f5 Rxf2 30. Kxf2 Rc2+ 31. Kg1 exf5 32. Ne1 Ra2 33. gxf5 Bxf5 34. Rxf5 gxf5 35. Qg5+ Kf7 36. Qxf5+ Ke8 37. Qc8+ Kf7 38. Qf5+ Ke8 39. Qh5+ Kd8 40. Bb6+ Kd7 41. Qf7+ Be7 42. Qxd5+ Ke8 43. e6 Rh2 44. Kxh2 Qd6+ 45. Qxd6 Bxd6+ 46. Kh3 Ke7 47. Bxa5 Kxe6 48. Kg4 Kd5 49. Bc3 Bc5 50. Nf3 Be3 51. Ng5 h6 52. Ne4 Bc1 53. Kf5 b6 54. Nf6+ Kd6 55. Bb4+ Kc7 56. d4 1-0

[Event "Chihuahua Bionext op"]
[Site "Chihuahua City"]
[Date "2019.11.30"]
[Round "5"]
[White "Castillo Coca, Mairebys"]
[Black "Cuenca Jimenez, Jose Fernando"]
[Result "0-1"]
[WhiteElo "2134"]
[BlackElo "2523"]
[PlyCount "142"]
[EventDate "2019.11.28"]
[EventType "swiss"]
[EventRounds "7"]
[EventCountry "MEX"]
[SourceTitle "CBM 193 Extra"]
[Source "ChessBase"]
[SourceDate "2020.01.31"]
[SourceVersion "1"]
[SourceVersionDate "2020.01.31"]
[SourceQuality "1"]

1. d4 d5 2. Nf3 Nf6 3. Bf4 e6 4. e3 c5 5. c3 Nc6 6. Nbd2 Bd6 7. Bg3 0-0 8. Ne5 Ne7 9. Bd3 b6 10. f4 Bb7 11. Qf3 Nf5 12. Bf2 Be7 13. Qh3 Ne4 14. Rd1 f6 15. Nef3 Qc8 16. Bb1 c4 17. 0-0 b5 18. g4 Nfd6 19. a3 a5 20. Bg3 Ra6 21. f5 exf5 22. gxf5 Nxf5 23. Bf2 Nfd6 24. Qg2 Rb6 25. Be1 Nf5 26. Qe2 Re8 27. Nxe4 dxe4 28. Nd2 Nd6 29. Bg3 Bd5 30. Qh5 Qe6 31. Kh1 g6 32. Qe2 b4 33. axb4 axb4 34. Rf4 bxc3 35. bxc3 Rb2 36. Qe1 f5 37. Kg1 Nb5 38. Nf1 Ra8 39. Rf2 Rxf2 40. Kxf2 Ra3 41. Rc1 Rxc3 42. Rxc3 Bb4 43. Bc2 Nxc3 44. Qa1 Qb6 45. Be5 Qa5 46. Qxa5 Bxa5 47. Ng3 Nb5 48. Ba4 Nc3 49. Bc2 Bb4 50. h4 Nb5 51. Ne2 Na3 52. Ba4 c3 53. Nf4 Bf7 54. d5 c2 55. Bb2 Nc4 56. Bc1 Ba3 57. Ne2 Bxc1 58. Nxc1 Na3 59. d6 Kf8 60. Kg3 Nc4 61. d7 Ke7 62. Kf4 Nb6 63. Bxc2 Nd5+ 64. Kg5 Nxe3 65. Ba4 Be6 66. Kf4 Ng2+ 67. Kg3 Ne1 68. Kf4 Nd3+ 69. Nxd3 exd3 70. Ke3 Bxd7 71. Bd1 Bb5 0-1

[Event "Chihuahua Bionext op"]
[Site "Chihuahua City"]
[Date "2019.11.30"]
[Round "4"]
[White "Castillo Coca, Mairebys"]
[Black "Martinez Castaneda, Allan"]
[Result "1-0"]
[WhiteElo "2134"]
[BlackElo "2045"]
[PlyCount "167"]
[EventDate "2019.11.28"]
[EventType "swiss"]
[EventRounds "7"]
[EventCountry "MEX"]
[SourceTitle "CBM 193 Extra"]
[Source "ChessBase"]
[SourceDate "2020.01.31"]
[SourceVersion "1"]
[SourceVersionDate "2020.01.31"]
[SourceQuality "1"]

1. e4 c5 2. Nf3 Nf6 3. d3 Nc6 4. Nbd2 d5 5. c3 g6 6. e5 Ng4 7. d4 Bg7 8. h3 Nh6 9. dxc5 Nxe5 10. Nxe5 Bxe5 11. Nf3 Bg7 12. Bb5+ Bd7 13. Be2 Bc6 14. Nd4 0-0 15. Nxc6 bxc6 16. Qa4 Qc7 17. 0-0 e5 18. Qa6 Rfe8 19. Bd2 Bf8 20. b4 Nf5 21. Rae1 h5 22. Bd1 e4 23. Bb3 Re6 24. Qa3 Rd8 25. Qc1 Bg7 26. Bf4 Be5 27. Bxe5 Qxe5 28. Qg5 Rd7 29. Qc1 Kg7 30. a4 g5 31. Bd1 Rh6 32. Qxg5+ Rg6 33. Qxh5 Qf6 34. b5 Rg5 35. Qe2 Qxc3 36. f4 exf3 37. Rxf3 Qxc5+ 38. Qf2 Qxf2+ 39. Rxf2 Re7 40. Rxe7 Nxe7 41. bxc6 Nxc6 42. Rc2 Rg6 43. Rc5 Rd6 44. Bf3 Nb4 45. Rb5 Rb6 46. Ra5 d4 47. Rxa7 Rd6 48. Rb7 Nd3 49. a5 Ne5 50. Bd1 Nc4 51. Bb3 Nxa5 52. Rxf7+ Kg6 53. Rf3 Kg7 54. Bc2 Nc4 55. g4 Ne5 56. Rf5 d3 57. Bd1 Nc4 58. Kf2 Nb2 59. Ke1 d2+ 60. Ke2 Re6+ 61. Kxd2 Rd6+ 62. Ke2 Nxd1 63. Rf3 Nb2 64. Rb3 Nc4 65. Rd3 Re6+ 66. Kf2 Ra6 67. Kg3 Ne5 68. Re3 Ra5 69. Rb3 Rc5 70. Ra3 Rb5 71. h4 Rb4 72. g5 Rg4+ 73. Kh3 Re4 74. Ra7+ Kg6 75. Ra6+ Kg7 76. h5 Nf7 77. Ra7 Kf8 78. g6 Ne5 79. g7+ Kg8 80. h6 Re3+ 81. Kg2 Kh7 82. Ra8 Re2+ 83. Kf1 Rf2+ 84. Kg1 1-0

[Event "Chihuahua Bionext op"]
[Site "Chihuahua City"]
[Date "2019.11.29"]
[Round "2"]
[White "Castillo Coca, Mairebys"]
[Black "Rubio Ramos, Jorge Yadir"]
[Result "1/2-1/2"]
[WhiteElo "2134"]
[BlackElo "1819"]
[PlyCount "104"]
[EventDate "2019.11.28"]
[EventType "swiss"]
[EventRounds "7"]
[EventCountry "MEX"]
[SourceTitle "CBM 193 Extra"]
[Source "ChessBase"]
[SourceDate "2020.01.31"]
[SourceVersion "1"]
[SourceVersionDate "2020.01.31"]
[SourceQuality "1"]

1. e4 c5 2. Nf3 Nc6 3. d3 e6 4. Nbd2 d5 5. g3 Nf6 6. Bg2 Be7 7. 0-0 b6 8. Re1 Bb7 9. e5 Nd7 10. Nf1 g5 11. h3 h5 12. c3 g4 13. hxg4 hxg4 14. N3h2 Ndxe5 15. d4 Nf3+ 16. Nxf3 gxf3 17. Bxf3 Qd7 18. Bf4 0-0-0 19. a4 Bd6 20. Bxd6 Qxd6 21. a5 Nxa5 22. dxc5 Qc7 23. b4 Nc4 24. Rxa7 Kb8 25. Qa4 bxc5 26. Ra1 Nb6 27. Qb5 cxb4 28. Qxb4 Qd6 29. Qa5 Nc8 30. Rxb7+ Kxb7 31. c4 Qb6 32. Qa2 Kc7 33. cxd5 Kd7 34. Rb1 Qd6 35. Rb7+ Ke8 36. Qb2 Rg8 37. Rb5 Ne7 38. dxe6 Qxe6 39. Re5 Qd6 40. Ne3 Kf8 41. Nd5 Rb8 42. Qc3 Ng6 43. Re1 Nh4 44. Be4 f5 45. Bh1 f4 46. Qf6+ Qxf6 47. Nxf6 fxg3 48. Nxg8 gxf2+ 49. Kxf2 Kxg8 50. Be4 Kg7 51. Rg1+ Kf6 52. Rg4 Nf5 1/2-1/2

[Event "Guillermo Garcia Memorial op 24th"]
[Site "Santa Clara"]
[Date "2015.06.04"]
[Round "2"]
[White "Garcia Morales, Gaspar"]
[Black "Castillo Coca, Mairebys"]
[Result "0-1"]
[WhiteElo "1759"]
[BlackElo "2164"]
[PlyCount "90"]
[EventDate "2015.06.03"]
[EventType "swiss"]
[EventRounds "9"]
[EventCountry "CUB"]
[SourceTitle "CBM 167 Extra"]
[Source "ChessBase"]
[SourceDate "2015.09.14"]
[SourceVersion "1"]
[SourceVersionDate "2015.09.14"]
[SourceQuality "1"]

1. c4 Nf6 2. g3 g6 3. Bg2 Bg7 4. Nc3 c5 5. d3 Nc6 6. e3 0-0 7. Nge2 e6 8. 0-0 d5 9. cxd5 exd5 10. d4 cxd4 11. exd4 Bg4 12. Be3 Qd7 13. Qd2 Rfe8 14. Rfd1 Rac8 15. f3 Bf5 16. Rac1 h5 17. Nf4 Re7 18. Re1 Nb4 19. a3 Nc6 20. b4 Rce8 21. Bf2 Bh6 22. Rxe7 Rxe7 23. Re1 Kh7 24. Rxe7 Nxe7 25. Be3 Qc6 26. Nfxd5 Nexd5 27. Nxd5 Nxd5 28. Bxh6 Qa4 29. Qc1 Qb3 30. Kf2 Qd3 31. Be3 Nc3 32. Bf1 Nd1+ 33. Ke1 Qxe3+ 34. Kxd1 Qxd4+ 35. Qd2 Qa1+ 36. Qc1 Qd4+ 37. Qd2 Qg1 38. Qg2 Qe3 39. f4 Be6 40. Be2 Qd4+ 41. Kc2 Bf5+ 42. Kb3 Qe3+ 43. Kc4 Be6+ 44. Kb5 Bd7+ 45. Kc4 Bc6 0-1

[Event "Guillermo Garcia Memorial op 24th"]
[Site "Santa Clara"]
[Date "2015.06.03"]
[Round "1"]
[White "Castillo Coca, Mairebys"]
[Black "Fuentes Dominguez, Felix"]
[Result "0-1"]
[WhiteElo "2164"]
[BlackElo "2317"]
[PlyCount "94"]
[EventDate "2015.06.03"]
[EventType "swiss"]
[EventRounds "9"]
[EventCountry "CUB"]
[SourceTitle "CBM 167 Extra"]
[Source "ChessBase"]
[SourceDate "2015.09.14"]
[SourceVersion "1"]
[SourceVersionDate "2015.09.14"]
[SourceQuality "1"]

1. d4 c5 2. d5 Nf6 3. c4 e6 4. Nc3 exd5 5. cxd5 d6 6. e4 g6 7. Bf4 Bg7 8. Nf3 0-0 9. h3 Re8 10. Qc2 a6 11. Be2 b5 12. Nd2 Bb7 13. 0-0 Bf8 14. Rae1 Nbd7 15. Bg5 Bg7 16. f4 c4 17. Bf3 Nc5 18. Re2 Nd3 19. f5 Qc7 20. g4 Nd7 21. Bg2 Rac8 22. f6 Bf8 23. a3 N7e5 24. Nf3 Nxf3+ 25. Bxf3 Qd8 26. Bg2 a5 27. Be3 Ba6 28. a4 b4 29. Nb5 Bxb5 30. axb5 Qd7 31. b6 Qb5 32. Qd2 c3 33. bxc3 bxc3 34. Qc2 Nb4 35. Qd1 c2 36. Qd2 c1Q 37. Rxc1 Rxc1+ 38. Qxc1 Qxe2 39. b7 Nd3 40. Qd2 Qxd2 41. Bxd2 Nb4 42. Bc3 Rb8 43. e5 dxe5 44. d6 Bxd6 45. Kf1 a4 46. Ke2 a3 47. Kd2 Na6 0-1

[Event "Capablanca Memorial op 49th"]
[Site "Havana"]
[Date "2014.05.10"]
[Round "3"]
[White "Vega Chirino, Lemay"]
[Black "Castillo Coca, Mairebys"]
[Result "1/2-1/2"]
[WhiteElo "2282"]
[BlackElo "2121"]
[PlyCount "82"]
[EventDate "2014.04.08"]
[EventType "swiss"]
[EventRounds "10"]
[EventCountry "CUB"]
[SourceTitle "CBM 160 Extra"]
[Source "ChessBase"]
[SourceDate "2014.07.01"]
[SourceVersion "1"]
[SourceVersionDate "2014.07.01"]
[SourceQuality "1"]

1. c4 Nf6 2. Nc3 g6 3. g3 Bg7 4. Bg2 0-0 5. Nf3 c5 6. 0-0 Nc6 7. d4 cxd4 8. Nxd4 Nxd4 9. Qxd4 d6 10. Qd2 Rb8 11. Rd1 Bd7 12. b3 Bc6 13. Bb2 Bxg2 14. Kxg2 a6 15. Rac1 Qc8 16. Nd5 Qe6 17. Rc2 Rfc8 18. Bxf6 Bxf6 19. Rdc1 h5 20. Qf4 Kg7 21. h4 Rc5 22. Qf3 Be5 23. b4 Rc6 24. Qd3 Rbc8 25. e4 Bf6 26. f4 a5 27. a3 axb4 28. axb4 Ra6 29. c5 Kh7 30. cxd6 Rxc2+ 31. Rxc2 Rxd6 32. b5 Rd7 33. Rd2 Bg7 34. Nf6+ Bxf6 35. Qxd7 Qxe4+ 36. Kh2 Kg7 37. Qd3 Qe6 38. Qd5 Qe3 39. Qd3 Qe6 40. Qd5 Qe3 41. Qd3 Qe6 1/2-1/2

[Event "Capablanca Memorial op 49th"]
[Site "Havana"]
[Date "2014.05.09"]
[Round "2"]
[White "Castillo Coca, Mairebys"]
[Black "Hernandez Marquez, Noel"]
[Result "0-1"]
[WhiteElo "2121"]
[BlackElo "2353"]
[PlyCount "90"]
[EventDate "2014.04.08"]
[EventType "swiss"]
[EventRounds "10"]
[EventCountry "CUB"]
[SourceTitle "CBM 160 Extra"]
[Source "ChessBase"]
[SourceDate "2014.07.01"]
[SourceVersion "1"]
[SourceVersionDate "2014.07.01"]
[SourceQuality "1"]

1. d4 Nf6 2. Nf3 g6 3. Bg5 Bg7 4. Nbd2 0-0 5. e3 c5 6. Be2 Nc6 7. 0-0 d6 8. h3 h6 9. Bh4 b6 10. Re1 Bb7 11. c3 Rc8 12. a3 Rc7 13. Qb3 Qa8 14. Rad1 cxd4 15. exd4 Nh5 16. Bd3 Na5 17. Qc2 e5 18. dxe5 dxe5 19. Be4 g5 20. Bxb7 Qxb7 21. Bxg5 hxg5 22. Nxg5 f5 23. Ne6 Nf4 24. Nxf4 exf4 25. Nf3 Re7 26. Qa4 Re4 27. Rxe4 fxe4 28. Ng5 Qc6 29. Qc2 Re8 30. Re1 Nc4 31. Qe2 e3 32. f3 Rd8 33. Qc2 Qh6 34. Qf5 Qf6 35. Qh7+ Kf8 36. Ne4 Qe5 37. Qg6 Rd5 38. Qc6 Nd2 39. Qa8+ Ke7 40. Qxa7+ Rd7 41. Qxb6 Nxe4 42. fxe4 Qxe4 43. Qb4+ Qxb4 44. axb4 Bh6 45. Kf1 Bg5 0-1

[Event "Capablanca Memorial op-A 48th"]
[Site "Havana"]
[Date "2013.05.01"]
[Round "10"]
[White "Castillo Coca, Mairebys"]
[Black "Miranda Llanes, Yerisbel"]
[Result "1/2-1/2"]
[WhiteElo "2094"]
[BlackElo "2267"]
[PlyCount "21"]
[EventDate "2013.04.21"]
[EventType "swiss"]
[EventRounds "10"]
[EventCountry "CUB"]
[SourceTitle "CBM 154 Extra"]
[Source "ChessBase"]
[SourceDate "2013.06.25"]
[SourceVersion "2"]
[SourceVersionDate "2013.06.25"]
[SourceQuality "1"]

1. e4 e5 2. Nf3 Nc6 3. Bc4 Bc5 4. 0-0 Nf6 5. d3 d6 6. c3 a6 7. Nbd2 0-0 8. Re1 Ba7 9. Nf1 Na5 10. Ng3 Nxc4 11. dxc4 1/2-1/2

[Event "Capablanca Memorial op-A 48th"]
[Site "Havana"]
[Date "2013.04.29"]
[Round "8"]
[White "Castillo Coca, Mairebys"]
[Black "Campos Vila, Milena"]
[Result "1-0"]
[WhiteElo "2094"]
[BlackElo "2253"]
[PlyCount "147"]
[EventDate "2013.04.21"]
[EventType "swiss"]
[EventRounds "10"]
[EventCountry "CUB"]
[SourceTitle "CBM 154 Extra"]
[Source "ChessBase"]
[SourceDate "2013.06.25"]
[SourceVersion "2"]
[SourceVersionDate "2013.06.25"]
[SourceQuality "1"]

1. d4 Nf6 2. Nf3 g6 3. Bg5 Bg7 4. Nbd2 0-0 5. e4 d5 6. Bd3 dxe4 7. Nxe4 Nxe4 8. Bxe4 c5 9. Qd2 cxd4 10. 0-0-0 Nc6 11. Bh6 Qb6 12. h4 Nb4 13. Kb1 Qe6 14. Qxb4 Bxh6 15. Bd3 a5 16. Qa3 Bg7 17. h5 Qf6 18. Rde1 Be6 19. hxg6 hxg6 20. Nd2 Bd5 21. Ne4 Bxe4 22. Rxe4 e6 23. Qd6 b5 24. Qh2 Rfd8 25. Rh4 Rac8 26. g4 Rc5 27. f4 g5 28. fxg5 Rxg5 29. Rf1 Qe7 30. Rh8+ Bxh8 31. Qh7+ Kf8 32. Qxh8+ Rg8 33. Qh6+ Ke8 34. Bxb5+ Rd7 35. Qh7 Rf8 36. Qe4 Qd6 37. Rd1 Ke7 38. Bxd7 Qxd7 39. Rxd4 Qa7 40. c3 Rb8 41. Qc6 Rd8 42. Rxd8 Kxd8 43. Qd6+ Ke8 44. Qd4 Qa6 45. Qe4 Ke7 46. a4 Kf6 47. Qd4+ Ke7 48. Qc5+ Kf6 49. g5+ Kg7 50. Qe5+ Kf8 51. Kc2 Qb6 52. Qh8+ Ke7 53. Qf6+ Ke8 54. g6 fxg6 55. Qxg6+ Ke7 56. Qg5+ Kf7 57. Qf4+ Ke8 58. b4 axb4 59. Qxb4 Qf2+ 60. Kb3 Qd2 61. a5 Qd1+ 62. Kb2 Qd2+ 63. Ka3 Qd3 64. Ka4 Kf7 65. c4 Qd1+ 66. Qb3 Qd7+ 67. Qb5 Qd1+ 68. Kb4 Qd6+ 69. Qc5 Qb8+ 70. Qb6 Qf8+ 71. c5 Qh8 72. Kb5 Qb2+ 73. Ka6 Qe2+ 74. Qb5 1-0